000
00235nam a22001097a 4500
999
_c
261322
_d
261321
020
_a
9780756663131
100
_a
Catherine Saunders
245
_a
Join The Rebels
260
_a
U S A
_b
DK Publishing
_c
2010
300
_a
31
942
_c
BK